000 00321nam a2200133Ia 4500
008 231129s1971||||xx |||||||||||||| ||spa||
040 _bspa
082 _a(i) 784.49861 R436c
100 _aRestrepo Antonio Jose comp
245 0 _aEl cancionero de Antioquia
260 _c1971
264 _aBedout
942 _2ddc
_cBKS
999 _c10469
_d10469